ARRUPE JESUIT UNIVERSITY

CORONAVIRUS -STOP THE SPREAD - CLEAN,DISINFECT,COVER

Language of fiction: (Record no. 118650)

MARC details
000 -LEADER
fixed length control field 00814cam a2200265 4500
001 - CONTROL NUMBER
control field 380986
003 - CONTROL NUMBER IDENTIFIER
control field ARRUPE
005 - DATE AND TIME OF LATEST TRANSACTION
control field 20131125142412.0
008 - FIXED-LENGTH DATA ELEMENTS--GENERAL INFORMATION
fixed length control field 850822s1966 enk b 001 0 eng
010 ## - LIBRARY OF CONGRESS CONTROL NUMBER
LC control number 66010731
035 ## - SYSTEM CONTROL NUMBER
System control number (OCoLC)1175577
035 ## - SYSTEM CONTROL NUMBER
System control number (OCoLC)ocm01175577
035 ## - SYSTEM CONTROL NUMBER
System control number (CStRLIN)NYCG85-B83224
035 ## - SYSTEM CONTROL NUMBER
System control number (NNC)380986
040 ## - CATALOGING SOURCE
Transcribing agency NNC
Modifying agency NNC
050 0# - LIBRARY OF CONGRESS CALL NUMBER
Classification number PR851
Item number .L822 1966
300 ## - PHYSICAL DESCRIPTION
Dimensions 23 cm.
100 1# - MAIN ENTRY--PERSONAL NAME
Personal name Lodge, David,
Dates associated with a name 1935-
9 (RLIN) 3710
245 10 - TITLE STATEMENT
Title Language of fiction:
Remainder of title essays in criticism and verbal analysis of the English novel.
260 ## - PUBLICATION, DISTRIBUTION, ETC. (IMPRINT)
Place of publication, distribution, etc London,
Name of publisher, distributor, etc Routledge & K. Paul;
Place of publication, distribution, etc New York,
Name of publisher, distributor, etc Columbia U. P.,
Date of publication, distribution, etc 1966.
300 ## - PHYSICAL DESCRIPTION
Extent xii, 283 p.
504 ## - BIBLIOGRAPHY, ETC. NOTE
Bibliography, etc Bibliography: p. 268-279.
650 #0 - SUBJECT ADDED ENTRY--TOPICAL TERM
Topical term or geographic name as entry element English fiction
General subdivision History and criticism.
9 (RLIN) 3711
942 ## - ADDED ENTRY ELEMENTS (KOHA)
Source of classification or shelving scheme Library of Congress Classification
Koha item type Monograph ( Printed materials)
Holdings
Withdrawn status Lost status Source of classification or shelving scheme Damaged status Not for loan Collection code Home library Current library Shelving location Date acquired Total Checkouts Full call number Barcode Date last seen Price effective from Koha item type
    Library of Congress Classification     Main Collection ARRUPE LIBRARY ARRUPE LIBRARY Main Collection 25/11/2013   PR851 .L822 1966 46410423 25/11/2013 25/11/2013 Monograph ( Printed materials)

 

Arrupe Library. PO Box MP320 Mt Pleasant, Harare, Zimbabwe
263 242 745411|librarian@aju.ac.zw